000
00210 a2200109 4500
020
_a
9781641569378
041
_a
spa
100
_a
Lisa k.Scnell
245
_a
Agua por todas Partes
942
_c
BK
952
_7
1
999
_c
23751
_d
23751